000 00887nam a2200253 i 4500
001 128132
003 ES-MaACL
005 20230906193154.0
007 t|
008 070622s1988 fr ||||1| fre d
020 _a2-200-37148-9
080 _a008(44)"1789-1799"
245 0 3 _aLa carmagnole des muses
_b: l'homme de lettres & l'artiste dans la révolution /
_csous la direction de Jean-claude Bonnet.
260 _aParis :
_bArmand Colin,
_c[1988]
300 _a425 p. ;
_c24 cm.
490 1 _aLibrairie du bicentenaire de la révolution française
500 _aBiblioteca Jacinto Martínez Lacalle.
500 _aIndice.
651 _aFrancia-
_xVida intelectual-
_yS.XVIII.
_9172465
700 1 _aBonnet, Jean-Claude.
_930265
830 0 _aLibrairie du bicentenaire de la révolution française
_9177526
852 _aES-MaACL
_jE-11802
_bR.139921
999 _c128132
_d128132